[Event "4NCL Division 1d"]
[Site "Hinckley Island ENG"]
[Date "2014.03.23"]
[Round "8.151"]
[White "Turner, Matthew J"]
[Black "Wallace, John Paul"]
[Result "1-0"]
[WhiteElo "2497"]
[BlackElo "2401"]
[PlyCount "57"]
[EventDate "2014.03.23"]
[WhiteTeam "Barbican 4NCL 1"]
[BlackTeam "Kings Head 1"]

1. e4 c5 2. Nf3 d6 3. c3 Nf6 4. Bd3 Bg4 5. h3 Bh5 6. Bc2 Nc6 7. d3 e6 8. Nbd2
Be7 9. Nf1 d5 10. Ng3 Bg6 11. Nh4 Qc7 12. exd5 Nxd5 13. Nxg6 hxg6 14. Qf3 f5
15. Bd2 Bf6 16. Nf1 O-O-O 17. O-O-O b5 18. Ne3 b4 19. Nxd5 exd5 20. Rhe1 bxc3
21. bxc3 Qa5 22. Re6 Nb4 23. Bb3 Bxc3 24. Bxc3 Nxa2+ 25. Bxa2 Qxc3+ 26. Kb1 Rd7
27. Bxd5 Rh4 28. Re8+ Kc7 29. Qg3+ 1-0

[Event "4NCL Division 1d"]
[Site "Hinckley Island ENG"]
[Date "2014.03.23"]
[Round "8.152"]
[White "Snuverink, Jochem"]
[Black "Parker, Jonathan F"]
[Result "1/2-1/2"]
[WhiteElo "2344"]
[BlackElo "2522"]
[PlyCount "85"]
[EventDate "2014.03.23"]
[WhiteTeam "Kings Head 1"]
[BlackTeam "Barbican 4NCL 1"]

1. e4 d6 2. d4 g6 3. Nc3 Bg7 4. Be2 Nf6 5. g4 c6 6. g5 Nfd7 7. h4 b5 8. h5 Rg8
9. hxg6 hxg6 10. a3 a5 11. Be3 Bb7 12. Qd2 b4 13. Na4 c5 14. Rh4 Bc6 15. b3 Qc7
16. Nb2 Rh8 17. Rxh8+ Bxh8 18. f3 d5 19. a4 cxd4 20. Bxd4 Qg3+ 21. Kf1 Bxd4 22.
Qxd4 e5 23. Qf2 Qxg5 24. exd5 Bxd5 25. Rd1 Be6 26. Bb5 Kf8 27. Nd3 Kg7 28. f4
Qe7 29. Nxe5 Nxe5 30. fxe5 Ra7 31. Nf3 Rc7 32. Rd2 Nd7 33. Bxd7 Bxd7 34. Qd4
Bh3+ 35. Kf2 Rd7 36. Qe3 Rxd2+ 37. Qxd2 Qc5+ 38. Kg3 Bf5 39. Qd4 Qc7 40. Qd6
Qxc2 41. Qf6+ Kg8 42. Qd8+ Kg7 43. Qf6+ 1/2-1/2

[Event "4NCL Division 1d"]
[Site "Hinckley Island ENG"]
[Date "2014.03.23"]
[Round "8.153"]
[White "Cox, John J"]
[Black "McMichael, Richard J"]
[Result "1/2-1/2"]
[WhiteElo "2395"]
[BlackElo "2215"]
[PlyCount "104"]
[EventDate "2014.03.23"]
[WhiteTeam "Barbican 4NCL 1"]
[BlackTeam "Kings Head 1"]

1. c4 e6 2. g3 d5 3. Bg2 Nf6 4. Nf3 Be7 5. O-O O-O 6. b3 c6 7. Bb2 a5 8. d4
Nbd7 9. Qc2 Ne4 10. Nbd2 f5 11. Ne1 Ndf6 12. Nd3 Bd6 13. Nf3 Bd7 14. Nfe5 Be8
15. Qc1 Nd7 16. Ba3 Nxe5 17. dxe5 Bxa3 18. Qxa3 b5 19. cxb5 cxb5 20. Qb2 Qb6
21. a3 Bd7 22. b4 Rac8 23. Rac1 Rc4 24. Bxe4 fxe4 25. Nc5 Be8 26. f3 exf3 27.
Rxf3 Rxf3 28. exf3 Bg6 29. Kg2 h6 30. g4 Bf7 31. h4 h5 32. Kg3 hxg4 33. fxg4
Qc7 34. Rxc4 dxc4 35. Qd4 axb4 36. axb4 Qa7 37. Kf4 Qa3 38. Qd8+ Kh7 39. Ne4
Qc1+ 40. Qd2 Qf1+ 41. Qf2 Qc1+ 42. Qd2 Qf1+ 43. Qf2 Qc1+ 44. Qe3 Qf1+ 45. Kg3
Be8 46. Ng5+ Kg8 47. Nxe6 Bc6 48. Nd4 Qg2+ 49. Kf4 c3 50. Qxc3 Qe4+ 51. Kg3
Qg2+ 52. Kf4 Qe4+ 1/2-1/2

[Event "4NCL Division 1d"]
[Site "Hinckley Island ENG"]
[Date "2014.03.23"]
[Round "8.154"]
[White "Guthrie, David W"]
[Black "D'Costa, Lorin AR"]
[Result "0-1"]
[WhiteElo "2229"]
[BlackElo "2410"]
[PlyCount "124"]
[EventDate "2014.03.23"]
[WhiteTeam "Kings Head 1"]
[BlackTeam "Barbican 4NCL 1"]

1. d4 Nf6 2. Nf3 e6 3. c4 b6 4. Nc3 Bb4 5. e3 Bb7 6. Bd3 O-O 7. O-O Bxc3 8.
bxc3 d6 9. Rb1 Nbd7 10. Ba3 Re8 11. Nd2 e5 12. f3 exd4 13. exd4 Nf8 14. Nb3 Ba6
15. Na1 c5 16. Qa4 Qc8 17. Nc2 Ne6 18. g3 d5 19. Rfd1 Bb7 20. Bf5 Bc6 21. Qb3
g6 22. Bxe6 Qxe6 23. Re1 Qh3 24. Ne3 dxc4 25. Qxc4 Bxf3 26. Qf1 Qxf1+ 27. Kxf1
cxd4 28. cxd4 Rad8 29. Rbc1 Rd7 30. d5 Nxd5 31. Nxd5 Rxe1+ 32. Kxe1 Bxd5 33.
Bb2 f6 34. a4 Kf7 35. a5 bxa5 36. Ra1 Bc4 37. Rxa5 a6 38. Rc5 Bb5 39. h4 h6 40.
g4 Re7+ 41. Kd2 Re2+ 42. Kc1 g5 43. hxg5 hxg5 44. Rf5 Re6 45. Bxf6 Rxf6 46.
Rxg5 Bd7 47. Kd2 Rf4 48. Ke3 Ra4 49. Rd5 Bxg4 50. Rd4 Ra3+ 51. Kf4 Be6 52. Ke5
Ke7 53. Rb4 Ra5+ 54. Kd4 Rb5 55. Kc3 Kd6 56. Re4 a5 57. Rh4 Kc5 58. Rh5+ Bd5
59. Rh8 a4 60. Rc8+ Bc6 61. Rc7 Kb6 62. Rh7 a3 0-1

[Event "4NCL Division 1d"]
[Site "Hinckley Island ENG"]
[Date "2014.03.23"]
[Round "8.155"]
[White "Griffiths, Ryan Rhys"]
[Black "Kwiatkowski, Feliks J"]
[Result "1/2-1/2"]
[WhiteElo "2350"]
[BlackElo "2219"]
[PlyCount "54"]
[EventDate "2014.03.23"]
[WhiteTeam "Barbican 4NCL 1"]
[BlackTeam "Kings Head 1"]

1. d4 Nf6 2. c4 e6 3. Nc3 Bb4 4. e3 O-O 5. Nge2 d5 6. a3 Be7 7. cxd5 exd5 8.
Nf4 c6 9. Bd3 a5 10. O-O Na6 11. f3 Nc7 12. Bd2 Ne6 13. Nxe6 Bxe6 14. Be1 c5
15. Kh1 Nd7 16. Bg3 cxd4 17. exd4 Nb6 18. Qc2 h6 19. Rae1 Rc8 20. f4 Bd7 21. f5
Na4 22. Qe2 Nxc3 23. Qxe7 Ne4 24. Qe5 Bc6 25. Qf4 Qg5 26. Bh4 Qxf4 27. Rxf4
Rfe8 1/2-1/2

[Event "4NCL Division 1d"]
[Site "Hinckley Island ENG"]
[Date "2014.03.23"]
[Round "8.156"]
[White "Okike, David C"]
[Black "Ferguson, Mark"]
[Result "1/2-1/2"]
[WhiteElo "2154"]
[BlackElo "2423"]
[Annotator "Doe,John"]
[PlyCount "149"]
[EventDate "2014.03.23"]
[WhiteTeam "Kings Head 1"]
[BlackTeam "Barbican 4NCL 1"]

1. e4 e5 2. Nf3 Nf6 3. Nc3 Nc6 4. Bb5 Nd4 5. Bc4 Nxf3+ 6. Qxf3 d6 7. d3 Be7 8.
Bd2 c6 9. h3 O-O 10. a4 Be6 11. O-O d5 12. Ba2 dxe4 13. Nxe4 Bxa2 14. Rxa2 Nd5
15. Raa1 Re8 16. Rfd1 Qb6 17. a5 Qc7 18. Ra4 Rad8 19. Be3 Nxe3 20. fxe3 Bf8 21.
Rf1 Re6 22. Kh1 h6 23. b3 a6 24. g4 Rd5 25. Kg2 Qe7 {(=)} 26. Qf2 Rd8 27. Qf5
g6 28. Qf2 Bg7 29. h4 Rf8 30. g5 h5 31. Qg3 Qd8 32. Rf3 Kh7 33. Ra1 Re7 34. Qe1
Qd7 35. Qg3 Qd8 36. Ra4 Re6 37. Qf2 Re7 38. Ra1 Kg8 39. Qd2 Rd7 40. Raf1 Rd5
41. b4 Qc8 42. Rg3 Rdd8 43. Qc3 Qe6 44. Qe1 Qa2 45. Qc3 Qe6 46. Rf2 Qd5 47. Kf1
Qe6 48. Ke2 Qd5 49. Rgf3 Rd7 50. Rf1 Rdd8 51. Qe1 Qa2 52. Qc3 Qd5 53. Qc5 Rd7
54. R1f2 Qe6 55. Kf1 Qd5 56. Qc3 Rdd8 57. Qe1 Rd7 58. Nc5 Re7 59. Kg1 Qd8 60.
Ne4 Qd7 61. Rf6 Qe8 62. R6f3 Qd7 63. Qf1 Qg4+ 64. Qg2 Qe6 65. Kh2 Rc7 66. Qf1
Qg4 67. Qh3 Qxh3+ 68. Kxh3 Rd8 69. Rf1 Bf8 70. Rb1 Be7 71. Kg2 Kg7 72. Kg1 Rd5
73. Nc3 Rd8 74. Ne4 Rd5 75. Nc3 1/2-1/2

[Event "4NCL Division 1d"]
[Site "Hinckley Island ENG"]
[Date "2014.03.23"]
[Round "8.157"]
[White "Dorrington, Chris J"]
[Black "Lewis, Alex"]
[Result "1/2-1/2"]
[WhiteElo "2334"]
[BlackElo "2177"]
[PlyCount "79"]
[EventDate "2014.03.23"]
[WhiteTeam "Barbican 4NCL 1"]
[BlackTeam "Kings Head 1"]

1. Nf3 g6 2. e4 c5 3. d4 cxd4 4. Qxd4 Nf6 5. e5 Nc6 6. Qf4 Nd5 7. Qe4 Qa5+ 8.
Bd2 Qc5 9. Nc3 Nxc3 10. Bxc3 Bg7 11. Qc4 Qxc4 12. Bxc4 d6 13. exd6 Bxc3+ 14.
bxc3 exd6 15. O-O-O Ke7 16. Rhe1+ Be6 17. Ng5 Ne5 18. Bxe6 fxe6 19. f4 h6 20.
fxe5 hxg5 21. exd6+ Kd7 22. Re5 Rh5 23. Rd3 Rf8 24. c4 Rf5 25. Rxf5 gxf5 26. h3
Rh4 27. c5 Rc4 28. Rb3 Kc6 29. Rg3 Rxc5 30. Rxg5 Kxd6 31. Rg7 Rb5 32. g4 fxg4
33. Rxg4 Rh5 34. h4 Ke5 35. Kd2 Kf5 36. Rb4 b6 37. Ke3 e5 38. Kf3 Rh7 39. Rc4
b5 40. Rg4 1/2-1/2

[Event "4NCL Division 1d"]
[Site "Hinckley Island ENG"]
[Date "2014.03.23"]
[Round "8.161"]
[White "Gordon, Stephen J"]
[Black "Zakarian, David"]
[Result "1-0"]
[WhiteElo "2487"]
[BlackElo "2404"]
[PlyCount "73"]
[EventDate "2014.03.23"]
[WhiteTeam "3Cs 1"]
[BlackTeam "Oxford 1"]

1. d4 Nf6 2. c4 e6 3. Nf3 Bb4+ 4. Bd2 Qe7 5. g3 Nc6 6. Nc3 Bxc3 7. Bxc3 Ne4 8.
Rc1 O-O 9. Bg2 d6 10. d5 Nxc3 11. Rxc3 Nd8 12. Nd2 e5 13. c5 dxc5 14. Nb3 e4
15. Nxc5 f5 16. O-O b6 17. Nb3 Bb7 18. f3 Re8 19. fxe4 fxe4 20. Rf4 Nf7 21.
Rxe4 Qd7 22. Rxe8+ Rxe8 23. e4 Ng5 24. Nd2 c6 25. h4 Nh3+ 26. Bxh3 Qxh3 27.
dxc6 Ba6 28. Qb3+ Kh8 29. Qf7 Rc8 30. Qd7 Qxd7 31. cxd7 Rd8 32. Rc7 Kg8 33. Nf3
Kf7 34. Ne5+ Ke6 35. Nc6 Kd6 36. Nxd8 Kxc7 37. Nc6 1-0

[Event "4NCL Division 1d"]
[Site "Hinckley Island ENG"]
[Date "2014.03.23"]
[Round "8.162"]
[White "Tan, Justin"]
[Black "Longson, Alexander"]
[Result "1-0"]
[WhiteElo "2351"]
[BlackElo "2341"]
[PlyCount "87"]
[EventDate "2014.03.23"]
[WhiteTeam "Oxford 1"]
[BlackTeam "3Cs 1"]

1. e4 c5 2. Nf3 d6 3. d4 cxd4 4. Nxd4 Nf6 5. Nc3 a6 6. Be3 e5 7. Nb3 Be6 8. Qd2
Be7 9. f3 O-O 10. O-O-O a5 11. Bb5 Na6 12. Qe2 Qb8 13. g4 Rc8 14. g5 Nh5 15.
Kb1 a4 16. Nxa4 Nb4 17. c3 Rxa4 18. Bxa4 Bc4 19. Qe1 Bd3+ 20. Rxd3 Nxd3 21. Qf1
Nhf4 22. Bb5 Nc5 23. Nxc5 dxc5 24. h4 Qc7 25. Bc4 Rd8 26. Rg1 Qd7 27. Bxf4 exf4
28. Bd5 b5 29. h5 g6 30. hxg6 hxg6 31. Rg4 Bd6 32. Rh4 Be5 33. Rh6 Qd6 34. Qxb5
Kg7 35. Qf1 Rh8 36. Rxh8 Kxh8 37. Bxf7 Kg7 38. Bd5 Qd8 39. Qg1 Bd6 40. Qg4 Be7
41. Qxf4 Bxg5 42. Qf7+ Kh6 43. f4 Bf6 44. a4 1-0

[Event "4NCL Division 1d"]
[Site "Hinckley Island ENG"]
[Date "2014.03.23"]
[Round "8.163"]
[White "Milliet, Sophie"]
[Black "Harvey, Marcus R"]
[Result "0-1"]
[WhiteElo "2402"]
[BlackElo "2275"]
[Annotator "Doe,John"]
[PlyCount "184"]
[EventDate "2014.03.23"]
[WhiteTeam "3Cs 1"]
[BlackTeam "Oxford 1"]

1. e4 e6 2. d4 d5 3. Nc3 Nf6 4. Bg5 dxe4 5. Nxe4 Be7 6. Bxf6 gxf6 7. Qd2 f5 8.
Nc3 a6 9. g3 Nd7 10. O-O-O Nb6 11. Bg2 Qd6 12. d5 Bf6 13. dxe6 Qxd2+ 14. Rxd2
fxe6 15. f4 Bd7 16. Nge2 Nc4 17. Rd3 O-O-O 18. Rhd1 b5 19. b3 Na5 20. Re3 Rhe8
21. Nd4 c5 22. Nf3 Bc6 23. Rxd8+ Rxd8 24. Nd1 Rd6 25. Bf1 Bb7 26. Ne5 Nc6 27.
Nxc6 Bxc6 28. Rd3 Rxd3 29. Bxd3 Bd4 30. h3 Bg2 31. Be2 Bxh3 32. a4 Bg4 33. Bf1
Bg1 34. axb5 axb5 35. Bxb5 Bh2 36. Bc4 Kd7 37. Nf2 h5 38. Nd3 Kd6 39. Kd2 Bxg3
40. Ke3 h4 41. Ne5 Bh5 42. Nf3 h3 43. Bf1 Bg4 44. c3 h2 45. Bg2 Bh3 46. Bh1 Bf1
47. c4 Bh3 48. Ne5 Bf1 49. Nf3 Kd7 50. Ne5+ Ke7 51. Kf3 Be1 52. Ke3 Bc3 53. Nf3
Bb2 54. Kd2 Bg7 55. Nxh2 Bh3 56. Nf3 Bh6 57. Ke3 Bg4 58. Bg2 {(=)} Kd6 59. Bf1
Kc7 60. Bd3 Kb6 61. Ne5 Bh5 62. Bc2 Be8 63. Bd1 Bg7 64. Nd3 Bd4+ 65. Kd2 Bc6
66. Bh5 Kc7 67. b4 cxb4 68. Nxb4 Be4 69. Nd3 Kd6 70. Ke2 Bb7 71. Be8 Ba6 72.
Bb5 Bxb5 73. cxb5 Kd5 74. Ne1 Bb2 75. Kf3 Bc3 76. Nd3 Bd4 77. Ne1 Kc4 78. Ke2
Kxb5 79. Nf3 Kc4 80. Ng5 Kd5 81. Kf3 Kd6 82. Nf7+ Ke7 83. Ng5 Kf6 84. Kg3 Bb2
85. Nf3 Bc3 86. Kf2 Kg6 87. Kg3 Kh5 88. Ng1 Be1+ 89. Kf3 Bc3 90. Kg3 Bf6 91.
Nf3 Bb2 92. Ne1 Kg6 {White lost on time} 0-1

[Event "4NCL Division 1d"]
[Site "Hinckley Island ENG"]
[Date "2014.03.23"]
[Round "8.164"]
[White "Rose, Matthew"]
[Black "Bentley, John L"]
[Result "1-0"]
[WhiteElo "2311"]
[BlackElo "2245"]
[PlyCount "37"]
[EventDate "2014.03.23"]
[WhiteTeam "Oxford 1"]
[BlackTeam "3Cs 1"]

1. e4 c5 2. c3 d5 3. exd5 Qxd5 4. d4 Nc6 5. Nf3 Bf5 6. Be3 Nf6 7. Na3 cxd4 8.
Bc4 Qa5 9. Nxd4 O-O-O 10. O-O Nxd4 11. cxd4 Nd5 12. Bxd5 Qxd5 13. Qa4 a6 14.
Rac1+ Kb8 15. Bf4+ e5 16. Bxe5+ Bd6 17. Rc5 Qe4 18. Qa5 Be6 19. Bxd6+ 1-0

[Event "4NCL Division 1d"]
[Site "Hinckley Island ENG"]
[Date "2014.03.23"]
[Round "8.165"]
[White "Walton, Alan J"]
[Black "Dickinson, Tim R"]
[Result "1/2-1/2"]
[WhiteElo "2104"]
[BlackElo "2126"]
[PlyCount "41"]
[EventDate "2014.03.23"]
[WhiteTeam "3Cs 1"]
[BlackTeam "Oxford 1"]

1. d4 e6 2. e4 d5 3. Nd2 Nf6 4. e5 Nfd7 5. Bd3 c5 6. c3 Nc6 7. Ndf3 Qb6 8. Ne2
cxd4 9. cxd4 f6 10. exf6 Nxf6 11. O-O Bd6 12. Bf4 Bxf4 13. Nxf4 O-O 14. Re1 Nb4
15. Bb1 Bd7 16. b3 Rae8 17. g3 Nc6 18. Bc2 Nb4 19. Bb1 Nc6 20. Bc2 Nb4 21. Bb1
1/2-1/2

[Event "4NCL Division 1d"]
[Site "Hinckley Island ENG"]
[Date "2014.03.23"]
[Round "8.166"]
[White "Healey, Michael W"]
[Black "Horton, Andrew P"]
[Result "1-0"]
[WhiteElo "2127"]
[BlackElo "2108"]
[PlyCount "161"]
[EventDate "2014.03.23"]
[WhiteTeam "Oxford 1"]
[BlackTeam "3Cs 1"]

1. e4 e5 2. Nf3 Nc6 3. Bb5 a6 4. Bxc6 dxc6 5. O-O Bg4 6. h3 h5 7. d3 Qf6 8. Be3
Bxf3 9. Qxf3 Qxf3 10. gxf3 Bd6 11. Nd2 Ne7 12. Kh2 f6 13. Rg1 Kf7 14. h4 Ng6
15. Kh3 Nf8 16. Nc4 Ne6 17. Na5 Rab8 18. a3 c5 19. Rab1 b6 20. Nc4 Be7 21. Kg2
a5 22. a4 Rbd8 23. Kf1 Bf8 24. Ke2 g6 25. Rg2 Bh6 26. Rbg1 Rdg8 27. Na3 Bf4 28.
Nb5 g5 29. Kf1 Bxe3 30. fxe3 gxh4 31. Rh1 Rxg2 32. Kxg2 Rd8 33. Na3 Rg8+ 34.
Kf2 Rh8 35. Rxh4 Kg6 36. f4 Ng7 37. Nb5 Rc8 38. Rh2 Ne8 39. Na7 Ra8 40. Nc6
exf4 41. exf4 Nd6 42. f5+ Kg7 43. Rxh5 b5 44. axb5 Nxb5 45. Ke3 a4 46. Rh1 a3
47. bxa3 Rxa3 48. Rb1 Nd6 49. Nd8 c4 50. Ne6+ Kf7 51. Nxc7 cxd3 52. cxd3 Nc4+
53. Kd4 Ne5 54. Rd1 Ra4+ 55. Ke3 Ra3 56. Nd5 Ng4+ 57. Ke2 Rb3 58. Rd2 Ne5 59.
Nf4 Ra3 60. Rb2 Ra7 61. Nd5 Ra3 62. Rb7+ Kf8 63. Nf4 Ra2+ 64. Ke3 Ke8 65. Rb6
Ra3 66. Kd4 Nd7 67. Re6+ Kd8 68. Rc6 Ra4+ 69. Kc3 Ra3+ 70. Kb2 Ra4 71. Re6 Ra5
72. d4 Ra4 73. Kc3 Ra3+ 74. Kb4 Re3 75. Nd5 Re1 76. Kc3 Rc1+ 77. Kd2 Rc4 78.
Kd3 Ra4 79. Nxf6 Ra3+ 80. Kc4 Ra4+ 81. Kc3 1-0

[Event "4NCL Division 1d"]
[Site "Hinckley Island ENG"]
[Date "2014.03.23"]
[Round "8.167"]
[White "Horton, Jamie A"]
[Black "Hayward, Philip T"]
[Result "1/2-1/2"]
[WhiteElo "2016"]
[BlackElo "1899"]
[PlyCount "35"]
[EventDate "2014.03.23"]
[WhiteTeam "3Cs 1"]
[BlackTeam "Oxford 1"]

1. e4 e6 2. d4 d5 3. Nc3 Bb4 4. exd5 exd5 5. Bd3 Ne7 6. Qf3 c5 7. dxc5 d4 8. a3
Qa5 9. axb4 Qxa1 10. Nce2 Nbc6 11. Nh3 O-O 12. O-O Bxh3 13. Qxh3 Ng6 14. f4 f6
15. Bc4+ Kh8 16. Bd3 Kg8 17. Bc4+ Kh8 18. Bd3 1/2-1/2

[Event "4NCL Division 1d"]
[Site "Hinckley Island ENG"]
[Date "2014.03.23"]
[Round "8.168"]
[White "Miranda, Nicole M"]
[Black "Abbas, Daniel"]
[Result "0-1"]
[WhiteElo "1951"]
[BlackElo "1982"]
[PlyCount "130"]
[EventDate "2014.03.23"]
[WhiteTeam "Oxford 1"]
[BlackTeam "3Cs 1"]

1. e4 c5 2. c3 d5 3. exd5 Qxd5 4. d4 g6 5. Nf3 Bg7 6. Na3 cxd4 7. Bc4 Qe4+ 8.
Be3 Nh6 9. cxd4 O-O 10. Nb5 Nc6 11. h3 Nf5 12. Qd2 Nxe3 13. fxe3 Ne5 14. Nxe5
Bxe5 15. O-O Bb8 16. Rac1 Bd7 17. Bd3 Qd5 18. Nc7 Bxc7 19. Rxc7 Rac8 20. Bc4
Qd6 21. Rxc8 Bxc8 22. e4 b6 23. e5 Qd7 24. Qf4 e6 25. Qh4 Bb7 26. Rf4 Rc8 27.
Bd3 Rc1+ 28. Kh2 Rd1 29. Bf1 Rd2 30. Rf2 Qxd4 31. Qxd4 Rxd4 32. Re2 Ba6 33. Re1
Bxf1 34. Rxf1 Rd2 35. Rb1 Re2 36. Kg3 Rxe5 37. a4 Re3+ 38. Kf4 Rb3 39. h4 Kf8
40. g3 Ke7 41. Rc1 Kf6 42. Rc7 Rb4+ 43. Kf3 Rxa4 44. g4 h6 45. Rb7 Rb4 46. Rxa7
Rxb2 47. Rb7 b5 48. Ke4 b4 49. Rb5 g5 50. h5 Rf2 51. Ke3 Rf4 52. Rb7 Rxg4 53.
Kf3 Rh4 54. Kg3 Rxh5 55. Rxb4 Rh1 56. Rb2 h5 57. Rf2+ Kg6 58. Re2 h4+ 59. Kg2
Ra1 60. Kh3 Ra3+ 61. Kh2 g4 62. Re4 Ra2+ 63. Kh1 Kf5 64. Rb4 e5 65. Rb7 f6 0-1

[Event "4NCL Division 1d"]
[Site "Hinckley Island ENG"]
[Date "2014.03.23"]
[Round "8.171"]
[White "Dearing, Edward J"]
[Black "Gormally, Daniel W"]
[Result "1-0"]
[WhiteElo "2412"]
[BlackElo "2499"]
[PlyCount "97"]
[EventDate "2014.03.23"]
[WhiteTeam "Cambridge University 1"]
[BlackTeam "Blackthorne Russia"]

1. d4 Nf6 2. c4 e6 3. Nf3 Bb4+ 4. Nbd2 O-O 5. a3 Bxd2+ 6. Qxd2 d6 7. b3 Nc6 8.
Bb2 Qe7 9. g3 e5 10. d5 Nb8 11. Bg2 h6 12. O-O Bf5 13. Nh4 Bh7 14. Bh3 Nbd7 15.
Nf5 Bxf5 16. Bxf5 Rfe8 17. f3 a6 18. Rac1 a5 19. Kh1 Nc5 20. Bc2 Qd7 21. g4 Nh7
22. Bc3 a4 23. b4 Nb3 24. Bxb3 axb3 25. Bb2 f5 26. Rg1 f4 27. Rc3 e4 28. Qxf4
exf3 29. exf3 Re2 30. Rxb3 Rf8 31. Qd4 Ng5 32. Rf1 Re4 33. Qd1 Rxc4 34. Re3 Re8
35. Rfe1 Rxe3 36. Rxe3 Qf7 37. Qe2 Qxd5 38. Re8+ Kh7 39. Re7 Nf7 40. h3 Ne5 41.
Bxe5 dxe5 42. Rxe5 Qd4 43. Kg2 Rc3 44. Re4 Qb6 45. Rc4 Rxa3 46. Qc2+ Kg8 47.
Rxc7 Qe6 48. Rc8+ Kf7 49. Qc4 1-0

[Event "4NCL Division 1d"]
[Site "Hinckley Island ENG"]
[Date "2014.03.23"]
[Round "8.172"]
[White "Hunt, Adam C"]
[Black "Mah, Karl CC"]
[Result "1/2-1/2"]
[WhiteElo "2435"]
[BlackElo "2406"]
[PlyCount "48"]
[EventDate "2014.03.23"]
[WhiteTeam "Blackthorne Russia"]
[BlackTeam "Cambridge University 1"]

1. e4 c5 2. Nf3 e6 3. d4 cxd4 4. Nxd4 a6 5. Bd3 Bc5 6. Nb3 Be7 7. Qg4 g6 8. Qe2
d6 9. O-O Nd7 10. a4 b6 11. Na3 Ngf6 12. Bh6 Qc7 13. f4 Bb7 14. Rae1 Nc5 15.
Nxc5 Qxc5+ 16. Kh1 d5 17. exd5 Nxd5 18. Nc4 Nb4 19. Be4 Bxe4 20. Qxe4 Rc8 21.
Ne5 Qd5 22. Qxd5 Nxd5 23. c4 Nb4 24. Rd1 Rc7 1/2-1/2

[Event "4NCL Division 1d"]
[Site "Hinckley Island ENG"]
[Date "2014.03.23"]
[Round "8.173"]
[White "Bisby, Daniel L"]
[Black "Ledger, Andrew J"]
[Result "1/2-1/2"]
[WhiteElo "2314"]
[BlackElo "2392"]
[PlyCount "104"]
[EventDate "2014.03.23"]
[WhiteTeam "Cambridge University 1"]
[BlackTeam "Blackthorne Russia"]

1. e4 c6 2. d4 d5 3. Nd2 dxe4 4. Nxe4 Bf5 5. Ng3 Bg6 6. N1e2 e6 7. Nf4 Bd6 8.
c3 Nf6 9. h4 Bxf4 10. Bxf4 h6 11. h5 Bh7 12. Qb3 Qe7 13. Be2 O-O 14. O-O Nd5
15. Bd2 Qc7 16. c4 Nf6 17. Rac1 Nbd7 18. d5 Rfe8 19. Rfd1 Nc5 20. Qa3 b6 21. d6
Qxd6 22. Bxh6 Qe7 23. Bg5 e5 24. h6 Ne6 25. Qe3 gxh6 26. Bxh6 Nd4 27. Bg5 Qe6
28. Rxd4 exd4 29. Qxd4 Ne4 30. Nxe4 Qxe4 31. Qxe4 Bxe4 32. Bf6 Re6 33. Bc3 Rd8
34. f3 Bd3 35. Bxd3 Rxd3 36. Kf2 Kf8 37. Rh1 Ke7 38. Rh8 Rd8 39. Rh7 Rd1 40.
Rh8 Rc1 41. Ra8 Rc2+ 42. Kg3 Rg6+ 43. Kf4 Rgxg2 44. Rxa7+ Kd6 45. Rxf7 Kc5 46.
Rf6 Rxb2 47. Bxb2 Rxb2 48. Ke3 Rxa2 49. Kd3 Ra3+ 50. Kd2 Rb3 51. Kc2 Re3 52.
Kd2 Ra3 1/2-1/2

[Event "4NCL Division 1d"]
[Site "Hinckley Island ENG"]
[Date "2014.03.23"]
[Round "8.174"]
[White "Ansell, Simon T"]
[Black "Camus de Solliers, Guillaume"]
[Result "0-1"]
[WhiteElo "2376"]
[BlackElo "2351"]
[PlyCount "124"]
[EventDate "2014.03.23"]
[WhiteTeam "Blackthorne Russia"]
[BlackTeam "Cambridge University 1"]

1. e4 c5 2. Nf3 e6 3. d4 cxd4 4. Nxd4 Nc6 5. Nc3 Qc7 6. Nxc6 bxc6 7. Bd3 d5 8.
O-O Nf6 9. Re1 Be7 10. e5 Nd7 11. Qg4 g6 12. Qg3 Rb8 13. b3 Bf8 14. Bb2 Bg7 15.
Nd1 c5 16. c4 d4 17. f4 O-O 18. Nf2 f6 19. Ne4 fxe5 20. Ng5 exf4 21. Qh4 Nf6
22. Nxe6 Bxe6 23. Rxe6 Rbe8 24. Rae1 Rxe6 25. Rxe6 Qd7 26. Qe1 Re8 27. Rxe8+
Qxe8 28. Qxe8+ Nxe8 29. Kf2 Be5 30. Bc1 Nf6 31. Bd2 Bd6 32. h3 Kf7 33. a3 Ke6
34. b4 Nd7 35. Be2 Ne5 36. Bxf4 cxb4 37. axb4 Bxb4 38. Bxe5 Kxe5 39. Bd3 a5 40.
Bc2 Be7 41. Ke2 Kd6 42. Kd3 Kc5 43. Bd1 Bf6 44. Ba4 Kb4 45. Be8 a4 46. c5 a3
47. Bf7 Kxc5 48. Ba2 Bg5 49. Bb3 Be3 50. Ba2 Kd6 51. Ke4 Ke7 52. Bb3 Kf6 53.
Bc4 Kg5 54. Be6 Bg1 55. Bd5 Kh4 56. Kd3 Kg3 57. Ke2 Be3 58. Kd3 Kf2 59. Kc2 g5
60. Kd3 h5 61. Kc2 g4 62. hxg4 hxg4 0-1

[Event "4NCL Division 1d"]
[Site "Hinckley Island ENG"]
[Date "2014.03.23"]
[Round "8.175"]
[White "Eckersley-Waites, Adam"]
[Black "Bates, Richard A"]
[Result "0-1"]
[WhiteElo "2275"]
[BlackElo "2334"]
[PlyCount "122"]
[EventDate "2014.03.23"]
[WhiteTeam "Cambridge University 1"]
[BlackTeam "Blackthorne Russia"]

1. e4 c5 2. Nf3 d6 3. d4 cxd4 4. Nxd4 Nf6 5. Nc3 a6 6. Bg5 e6 7. f4 Qc7 8. Qf3
b5 9. Bxf6 gxf6 10. O-O-O b4 11. Nce2 h5 12. Kb1 Bb7 13. f5 e5 14. Nb3 a5 15.
h4 Nd7 16. Ng3 a4 17. Nc1 Rc8 18. Bd3 a3 19. Nb3 Nc5 20. Nxc5 Qxc5 21. Nxh5 Ke7
22. g4 Rxh5 23. gxh5 Bh6 24. Rhe1 Bc6 25. Qe2 axb2 26. Kxb2 Ba4 27. Kb1 Qc3 28.
Qf2 Rc5 29. Rg1 Be3 30. Qxe3 Bxc2+ 31. Bxc2 Qxe3 32. Rde1 Qh6 33. Bb3 Rc3 34.
Bd5 Kf8 35. Rc1 Qxh5 36. Rxc3 bxc3 37. Rc1 Qf3 38. a4 Qd3+ 39. Rc2 Qd1+ 40. Rc1
Qd3+ 41. Rc2 Kg7 42. a5 Qb5+ 43. Ka2 Qa4+ 44. Kb1 Qxa5 45. Ra2 Qb4+ 46. Kc2 Kh6
47. Kd3 Kh5 48. Rh2 Kg4 49. h5 Qd4+ 50. Kc2 Qg1 51. Re2 Kf3 52. Bc4 Qa1 53. Kb3
Qc1 54. Bd3 Qh1 55. Kxc3 Qxh5 56. Rd2 Qh1 57. Kc2 Ke3 58. Re2+ Kd4 59. Kd2 d5
60. exd5 Qxd5 61. Bc2 e4 0-1

[Event "4NCL Division 1d"]
[Site "Hinckley Island ENG"]
[Date "2014.03.23"]
[Round "8.176"]
[White "Duncan, Chris R"]
[Black "McClement, Andrew"]
[Result "0-1"]
[WhiteElo "2325"]
[BlackElo "2177"]
[PlyCount "116"]
[EventDate "2014.03.23"]
[WhiteTeam "Blackthorne Russia"]
[BlackTeam "Cambridge University 1"]

1. c4 Nf6 2. Nc3 e6 3. e4 d5 4. e5 d4 5. exf6 dxc3 6. bxc3 Qxf6 7. d4 c5 8. Nf3
cxd4 9. Bg5 Qf5 10. Bd3 Qa5 11. O-O dxc3 12. Rb1 Nc6 13. Qc2 h6 14. Bf4 Bb4 15.
Be4 O-O 16. Rfd1 a6 17. Rb3 Rd8 18. Rxd8+ Nxd8 19. Ne5 f5 20. Bf3 Nf7 21. Nd3
Bd6 22. Be3 Ne5 23. Bb6 Qa4 24. Qxc3 Qxc4 25. Nxe5 Qxc3 26. Rxc3 Bxe5 27. Rd3
Kf7 28. a4 a5 29. g3 Ra6 30. Rb3 Bd6 31. Be2 Ra8 32. Bf3 Ke7 33. Rb1 Bb4 34.
Rc1 Bd7 35. Rc7 Rb8 36. Ba7 Rc8 37. Rxb7 Rc2 38. Bb6 Kd6 39. Ra7 g5 40. h3 Bc5
41. Rb7 Bxb6 42. Rxb6+ Ke5 43. Rb1 Bxa4 44. Bd1 Ra2 45. Bxa4 Rxa4 46. Rb5+ Ke4
47. Kg2 h5 48. Rb6 e5 49. Ra6 Ra2 50. Ra8 f4 51. gxf4 gxf4 52. Rh8 f3+ 53. Kg3
Ra1 54. Rxh5 Rg1+ 55. Kh2 Rg2+ 56. Kh1 Rxf2 57. Kg1 Ra2 58. Kf1 Kf4 0-1

[Event "4NCL Division 1d"]
[Site "Hinckley Island ENG"]
[Date "2014.03.23"]
[Round "8.177"]
[White "Bukojemski, Adam"]
[Black "Ledger, Dave J"]
[Result "1/2-1/2"]
[WhiteElo "2224"]
[BlackElo "2244"]
[PlyCount "105"]
[EventDate "2014.03.23"]
[WhiteTeam "Cambridge University 1"]
[BlackTeam "Blackthorne Russia"]

1. d4 Nf6 2. Bg5 e6 3. e4 h6 4. Bxf6 Qxf6 5. Nf3 d6 6. Nbd2 Nc6 7. c3 e5 8. Bb5
Bd7 9. d5 Nb8 10. Bxd7+ Nxd7 11. Qb3 Rb8 12. Qc4 Qd8 13. a4 Be7 14. a5 O-O 15.
Qd3 Bg5 16. b4 Bxd2+ 17. Nxd2 Qg5 18. O-O Nf6 19. a6 b6 20. Qe3 Qxe3 21. fxe3
b5 22. Rfc1 Ng4 23. c4 f5 24. Ra3 f4 25. exf4 exf4 26. c5 Rf7 27. cxd6 cxd6 28.
Rc6 Rd8 29. Rac3 Rdd7 30. Rc8+ Kh7 31. h3 Nf6 32. Kf2 Rde7 33. Kf3 Nd7 34. Kf2
Nf6 35. Kf3 Nd7 36. Ke2 Nb6 37. Rb8 Nxd5 38. Rd3 Nf6 39. Kf2 Nxe4+ 40. Nxe4
Rxe4 41. Rxb5 Rfe7 42. h4 Re2+ 43. Kf3 R2e3+ 44. Rxe3 Rxe3+ 45. Kxf4 Ra3 46.
Kf5 Rxa6 47. Ra5 Rb6 48. b5 h5 49. Kg5 d5 50. Kxh5 d4 51. Kg4 d3 52. Rxa7 Rxb5
53. Rd7 1/2-1/2